Sports Quiz

Random Sports Quiz

ARCA Race Winners Since 2000 Quiz Stats

 Plays Quiz not verified by Sporcle

Challenge
Share
Tweet
Embed
Score 0/126 Timer 20:00
0 Plays Today
Wins Driver % Correct
63Frank Kimmel
100%
8Bobby Gerhart
91.7%
9Ty Dillon
90.4%
3Brandon Jones
89.2%
1Erik Jones
89.1%
11Ken Schrader
89%
1Blake Jones
88.7%
4Steve Wallace
87.9%
10Chris Buescher
87.9%
8Justin Allgaier
87.1%
4Scott Speed
86.4%
2Joey Logano
86.4%
3James Buescher
85.6%
3Kyle Busch
85.6%
2Ricky Stenhouse Jr.
85.2%
4Ryan Newman
84.8%
10Parker Kligerman
84.1%
1Chase Elliott
83.6%
4Kerry Earnhardt
82.6%
3Brian Keselowski
82.2%
4Michael McDowell
82.2%
2John Wes Townley
81.2%
7Justin Lofton
81.1%
1Tony Stewart
79.5%
1Trevor Bayne
79.2%
3Casey Mears
79.2%
1Billy Venturini
78.8%
7Tim Steele
78.4%
1David Stremme
78.4%
15Grant Enfinger
77.3%
3Patrick Sheltra
76.9%
5Joey Miller
75.8%
2Jason Jarrett
75.8%
1Chase Miller
75.8%
1Kyle Larson
75%
6Alex Bowman
74.6%
1Paul Menard
74.2%
1Reed Sorenson
73.9%
1Ross Kenseth
73.6%
6Tom Hessert III
73.1%
1Travis Kvapil
72.7%
1Todd Gilliland
71.7%
Wins Driver % Correct
3Steve Arpin
71.6%
2Erik Darnell
71.6%
1Blaise Alexander
71.6%
2Michael Annett
71.2%
1Scott Riggs
70.8%
1Justin Allison
70.8%
8Chad Blount
70.1%
3Chad McCumbee
70.1%
1Jeremy Clements
70.1%
1David Ragan
70.1%
3Mason Mitchell
70%
1Bill Baird
69.3%
6Chase Briscoe
69.1%
2Blake Feese
68.6%
3Corey LaJoie
68.3%
1Austin Wayne Self
67.6%
1Brandon McReynolds
67.6%
1Sean Caisse
67%
1Spencer Gallagher
66.7%
2Kevin Swindell
66.1%
2Mark Gibson
65.5%
1Chase Montgomery
65.5%
1Tim George, Jr.
65.5%
1Craig Goess
65.2%
1Kyle Krisiloff
65.2%
2Justin Boston
65%
2Josh Williams
64.7%
1Gus Dean
64.7%
6Ryan Hemphill
64.4%
2Cale Gale
64.4%
3Dakoda Armstrong
64.4%
1Kirk Shelmerdine
63.6%
1Kyle Weatherman
63.2%
1Joey Coulter
62.9%
2Ryan Reed
62.7%
2Scott Lagasse Jr.
62.5%
1Austin Theriault
62.5%
1Kraig Kinser
60.6%
1Stephen Leicht
60.6%
1Brent Sherman
60.6%
1Justin Marks
60.2%
1Chad Hackenbracht
59.5%
Wins Driver % Correct
2David Keith
59.5%
6Brennan Poole
59.5%
2Christopher Bell
58.8%
4Andrew Ranger
58.7%
1Robb Brent
58%
1Bob Strait
58%
2Mario Gosselin
56.8%
1Patrick Long
56.4%
1Max Gresham
56.1%
1Billy Leslie
56.1%
1Tracy Leslie
56.1%
1Billy Thomas
54.5%
3Shelby Howard
54.2%
1Brad Coleman
54.2%
1Mikey Kile
53.8%
1Matt Carter
52.3%
1Casey Roderick
52.3%
1A.J. Fike
51.6%
1Matt Hawkins
51.5%
1Dalton Sargeant
51.5%
1Matt Merrell
50.5%
1Bryan Clauson
50%
1Casey Atwood
49.2%
2Kyle Benjamin
48.9%
1Keith Segars
48.5%
1Chuck Barnes Jr.
47%
1John Finger
47%
1Ken Butler III
46.6%
1Phil Bozell
45.1%
1Fred Campbell
45.1%
1Blake Bjorklund
44.3%
1Lyndon Amick
43.9%
1Ed Berrier
43.9%
1Billy Bigley
43.9%
1Dawayne Bryan
43.2%
1Jeff Fultz
41.7%
1Cole Custer
39.2%
1Austin Cindric
38.2%
1Travis Braden
37.3%
1Myatt Snider
36.8%
2Damon Lusk
35.6%
1Justin Haley
35.3%

You're not logged in!

Compare scores with friends on all Sporcle quizzes.
Join for Free
OR
Log In

You Might Also Like...

Show Comments

Extras

Created Dec 12, 2010SourceReportFavoriteNominate
Tags:2000s, arca, win, winner

Top Quizzes Today


Score Distribution

Your Account Isn't Verified!

In order to create a playlist on Sporcle, you need to verify the email address you used during registration. Go to your Sporcle Settings to finish the process.

Report this User

Report this user for behavior that violates our Community Guidelines.

Details: